[Event "Asia-ch U14"]
[Site "Ulaanbaatar"]
[Date "2016.04.08"]
[Round "3"]
[White "Cao, Xuan An"]
[Black "Khangal, Khosbayar"]
[Result "0-1"]
[WhiteElo "1798"]
[BlackElo "1485"]
[PlyCount "50"]
[EventDate "2016.04.06"]
[EventType "swiss"]
[EventRounds "9"]
[EventCountry "MGL"]
[SourceTitle "EXT 2017"]
[Source "ChessBase"]
[SourceDate "2016.10.25"]
[SourceVersion "1"]
[SourceVersionDate "2016.10.25"]
[SourceQuality "1"]

1. d4 d5 2. c4 c6 3. Nc3 Nf6 4. e3 e6 5. Bd3 Nbd7 6. Nge2 dxc4 7. Bxc4 b5 8. Bd3 b4 9. Na4 c5 10. 0-0 Be7 11. Qc2 cxd4 12. Nxd4 Bb7 13. Bd2 0-0 14. Rac1 Rc8 15. Qb1 Qa5 16. b3 Nc5 17. Nxc5 Bxc5 18. Ne2 Qb6 19. a3 a5 20. Ng3 Rfd8 21. Rfd1 Qc6 22. e4 Rd7 23. Kh1 Ng4 24. Kg1 Qb6 25. Nh1 Qd6 0-1

[Event "VIE-ch U13"]
[Site "Ho Chi Minh City"]
[Date "2014.07.17"]
[Round "8"]
[White "Vuong, The Hung Vi"]
[Black "Cao, Xuan An"]
[Result "1/2-1/2"]
[WhiteElo "1781"]
[BlackElo "1810"]
[PlyCount "123"]
[EventDate "2014.07.13"]
[EventType "swiss"]
[EventRounds "9"]
[EventCountry "VIE"]
[SourceTitle "EXT 2016"]
[Source "ChessBase"]
[SourceDate "2015.10.08"]
[SourceVersion "1"]
[SourceVersionDate "2015.10.08"]
[SourceQuality "1"]

1. d4 Nf6 2. c4 g6 3. Nf3 Bg7 4. Bf4 0-0 5. e3 d6 6. Be2 Nbd7 7. 0-0 h6 8. h3 c5 9. Nc3 b6 10. Bh2 Bb7 11. d5 a6 12. a4 Rc8 13. Qc2 Nb8 14. Rad1 a5 15. Nb5 Na6 16. b3 Nb4 17. Qb1 Ba6 18. e4 Bxb5 19. cxb5 Nd7 20. Nd2 f5 21. f3 Bd4+ 22. Kh1 Qe8 23. Nc4 f4 24. Bg1 Bg7 25. Bf2 g5 26. g3 Qh5 27. Kg2 Rf6 28. g4 Qg6 29. Rh1 Rff8 30. Rh2 Kf7 31. Rdh1 Rh8 32. Rf1 h5 33. Rfh1 Rh7 34. Bd3 Nxd3 35. Qxd3 Rch8 36. Be1 Ne5 37. Nxe5+ Bxe5 38. Bc3 Bxc3 39. Qxc3 hxg4 40. hxg4 Rxh2+ 41. Rxh2 Rxh2+ 42. Kxh2 Qf6 43. Qc2 Qd4 44. Kg2 Kf6 45. Kf1 Qe3 46. Kg2 Ke5 47. Qb2+ Qd4 48. Qc2 Qa1 49. Kf2 Kf6 50. Kg2 Kf7 51. Kf2 Qh1 52. Qd3 Qh2+ 53. Ke1 Qg1+ 54. Kd2 Kf6 55. Qc3+ Kf7 56. Qd3 Qf2+ 57. Qe2 Qxe2+ 58. Kxe2 Kf6 59. Kd3 Ke5 60. Kc4 e6 61. dxe6 Kxe6 62. Kc3 1/2-1/2

[Event "VIE-ch U13"]
[Site "Ho Chi Minh City"]
[Date "2014.07.15"]
[Round "5"]
[White "Cao, Xuan An"]
[Black "Bui, Nhat Tan"]
[Result "1-0"]
[WhiteElo "1810"]
[BlackElo "1767"]
[PlyCount "131"]
[EventDate "2014.07.13"]
[EventType "swiss"]
[EventRounds "9"]
[EventCountry "VIE"]
[SourceTitle "EXT 2016"]
[Source "ChessBase"]
[SourceDate "2015.10.08"]
[SourceVersion "1"]
[SourceVersionDate "2015.10.08"]
[SourceQuality "1"]

1. d4 d5 2. c4 e6 3. Nf3 Nf6 4. g3 c6 5. Bg2 Nbd7 6. 0-0 Bd6 7. Qc2 0-0 8. Nbd2 Re8 9. e4 dxe4 10. Nxe4 Nxe4 11. Qxe4 e5 12. Bg5 f6 13. Bd2 exd4 14. Qxd4 Ne5 15. Bc3 Qc7 16. Rfe1 Be6 17. c5 Nxf3+ 18. Bxf3 Be5 19. Qb4 a5 20. Bxe5 fxe5 21. Qc3 Bf7 22. Re3 Bd5 23. Bxd5+ cxd5 24. Rae1 e4 25. f3 Qc6 26. fxe4 dxe4 27. Qc4+ Kh8 28. Rxe4 Rxe4 29. Rxe4 Rd8 30. Re6 Qf3 31. Re1 h6 32. Qe4 Qh5 33. Qe5 Qf7 34. a3 Rf8 35. Qe3 Qf6 36. b4 axb4 37. axb4 Qb2 38. Qe4 Qd2 39. b5 Qf2+ 40. Kh1 Rd8 41. Qe3 Qf6 42. Qe7 Qf3+ 43. Kg1 Rf8 44. Qe3 Qf6 45. b6 Qc6 46. h4 Qc8 47. Kh2 Qf5 48. Re2 Qg4 49. Qe7 Qf3 50. Qe4 Qh5 51. Qe7 Qf3 52. c6 bxc6 53. b7 h5 54. Rb2 Kh7 55. Qxf8 Qxf8 56. b8Q Qf6 57. Qb3 c5 58. Qd3+ g6 59. Rb7+ Kh8 60. Rb8+ Kh7 61. Qd7+ Kh6 62. Qd2+ Kh7 63. Rb7+ Kh8 64. Qh6+ Kg8 65. Qh7+ Kf8 66. Rb8+ 1-0